00511nam a2200193 a 4500001001300000003000900013005001700022008004100039020002300080082001500103100001900118245003400137260003700171300000900208500003500217505003300252650001300285700001900298nice12345678IN_TiNIC20260116014451.0070420s1997 newa grp 000 0 eng  a8124600775 c46000a294.5bIYE aIyengar, T R R aHinduism and Scientific Quest aNew Delhi bDk Printworld c1997 a284p aincludes index and biblioraphy2 aIndex Glossary, Bibliography aHinduism1 aIyengar, T R R